| 000 | 00368nam a2200145Ia 4500 | ||
|---|---|---|---|
| 008 | 150201s2007 xx 000 0 und d | ||
| 082 |
_a610.73678 _bM07G |
||
| 100 | _aGILBERT , ELIZABETH STEPP | ||
| 245 | _aMANUAL OF HIGH RISK PREGNANSY DELIVERY | ||
| 250 | _a4TH | ||
| 260 |
_bELSEVIER _aINDIA _c2007 |
||
| 300 | _a744 | ||
| 650 | _aOBST. & GYNEA. | ||
| 942 |
_2ddc _cBK |
||
| 999 |
_c2034 _d2034 |
||